| 000 | 00923cam a22002895a 4500 | ||
|---|---|---|---|
| 001 | 18247366 | ||
| 005 | 20201128021333.0 | ||
| 008 | 140730s2014 enka frb 001 0 eng d | ||
| 020 | _a0123838606 | ||
| 020 | _a9780123838605 | ||
| 040 |
_aOU/DLC _beng _cOU _dEG-ScBUE |
||
| 082 | 0 | 4 |
_a621.31 _222 _bDIN |
| 100 | 1 |
_aDincer, Ibrahim, _d1964- |
|
| 245 | 1 | 0 |
_aAdvanced power generation systems / _cby Ibrahim Dincer, Calin Zamfirescu. |
| 250 | _a1st ed. | ||
| 260 |
_aAmesterdam : _bElsevier, _c2014. |
||
| 300 |
_axii, 644 p. : _bill. ; _c24 cm. |
||
| 500 | _aIndex : p. 617-644. | ||
| 504 | _aIncludes bibliographical references. | ||
| 650 | 7 |
_aRenewable energy sources. _93747 _2BUEsh |
|
| 650 | 7 |
_aSustainable development. _93569 _2BUEsh |
|
| 650 | 7 |
_aThermodynamics. _91919 _2BUEsh |
|
| 651 | _2BUEsh | ||
| 653 |
_bENGGEN _bENGMEC _cJune2015 _cNovember2015 |
||
| 700 | 1 | _aZamfirescu, Calin | |
| 942 |
_2ddc _k621.31 DIN |
||
| 999 |
_c19878 _d19850 |
||